| 000 | 00999cam a22002411 4500 | ||
|---|---|---|---|
| 001 | sa 66001875 | ||
| 003 | DLC | ||
| 005 | 20260227112225.0 | ||
| 008 | 861103s1964 ii 000 0 eng | ||
| 010 | _asa 66001875 | ||
| 025 | _aPL480:I-E-4157 | ||
| 035 | _a(OCoLC)14628492 | ||
| 040 |
_aDLC _cWaU _dDLC |
||
| 042 | _apremarc | ||
| 050 | 0 | 0 |
_aHE1783.I4 _bA492 |
| 110 | 1 |
_aIndia (Republic). _bRailway Inspectorate. |
|
| 245 | 1 | 0 |
_aRailway accidents; _breport on following collision between no. B. 12 up and no. M. 22 up local suburban trains between Wadala and Sewri stations on the Harbour Branch electrified section of the Central Railway on the 2nd June 1957. |
| 260 |
_a[Delhi, _c1964] |
||
| 300 |
_a16 p. _c34 cm. |
||
| 500 | _aCover title. | ||
| 650 | 0 |
_aRailroad accidents _zIndia. |
|
| 740 | 0 | _aReport on following collision between no. B. 12 up and no. M. 22 up local suburban trains between Wadala and Sewri stations on the Harbour Branch electrified section of the Central Railway. | |
| 999 |
_c68040 _d68040 |
||